Memoria de los trabajos realizados por la Dirección General de Primera Enseñanza en el año de 1911, servicios que tiene encomendados y medios que necesita para cumplir todas las funciones que le corresponden. (Record no. 114539)

MARC details
000 -LEADER
campo de control de longitud fija 00825nam a2200193 i 4500
001 - NÚMERO DE CONTROL
campo de control 114539
003 - IDENTIFICADOR DE NÚMERO DE CONTROL
campo de control ES-MaACL
005 - FECHA Y HORA DE LA ÚLTIMA TRANSACCIÓN
campo de control 20250811071125.0
007 - CAMPO FIJO DE DESCRIPCIÓN FÍSICA--INFORMACIÓN GENERAL
campo de control de longitud fija t|
008 - DATOS DE LONGITUD FIJA--INFORMACIÓN GENERAL
campo de control de longitud fija 070308s1912 sp ||||1| spa d
110 1# - ENTRADA PRINCIPAL--NOMBRE DE ENTIDAD CORPORATIVA
Nombre de entidad corporativa o nombre de jurisdicción como elemento de entrada España.
Unidad subordinada Dirección General de Primera Enseñanza.
9 (RLIN) 176375
245 10 - MENCIÓN DEL TÍTULO
Título Memoria de los trabajos realizados por la Dirección General de Primera Enseñanza en el año de 1911, servicios que tiene encomendados y medios que necesita para cumplir todas las funciones que le corresponden.
260 ## - PUBLICACIÓN, DISTRIBUCIÓN, ETC.
Lugar de publicación, distribución, etc. Madrid :
Nombre del editor, distribuidor, etc. [s.n.],
Fecha de publicación, distribución, etc. 1912.
300 ## - DESCRIPCIÓN FÍSICA
Extensión 97 p. ;
Dimensiones 26 cm.
500 ## - NOTA GENERAL
Nota general Precede al tit.: Ministerio de Instrucción Pública y Bellas Artes.
710 1# - ENTRADA AGREGADA--NOMBRE DE ENTIDAD CORPORATIVA
Nombre de entidad corporativa o nombre de jurisdicción como elemento de entrada España.
Unidad subordinada Ministerio de Instrucción Pública y Bellas Artes
9 (RLIN) 226896
852 ## - LOCALIZACIÓN
Ubicación ES-MaACL
Número de control de estantería T-1218-F-11
Holdings
Estatus retirado Estado de pérdida Estado de daño No para préstamo Colección Biblioteca de origen Biblioteca actual Ubicación en estantería Fecha de adquisición Fuente de adquisición Total de préstamos Signatura topográfica completa Código de barras Visto por última vez Precio de reemplazo Tipo de ítem Koha
        Colección de folletos Biblioteca del Ateneo de Madrid Biblioteca del Ateneo de Madrid Depósito folletos 17/01/2008     T-1218-F-11 1119448 23/02/2023 23/02/2023 Folleto